NFL Second Overall Picks - Statistics

General Stats
  • This quiz has been taken 7 times
  • The average score is 15 of 60
Answer Stats
Hint Answer % Correct
2024 Jayden Daniels
67%
2005 Ronnie Brown
67%
2007 Calvin Johnson
50%
2020 Chase Young
50%
2009 Jason Smith
50%
1981 Lawrence Taylor
50%
1988 Neil Smith
50%
2006 Reggie Bush
50%
1998 Ryan Leaf
50%
2022 Aidan Hutchinson
33%
1973 Bert Jones
33%
1668 Bob Johnson
33%
2016 Carson Wentz
33%
2023 C.J. Stroud
33%
1967 Clint Jones
33%
1997 Darrell Russell
33%
1974 Ed Jones
33%
1983 Eric Dickerson
33%
2014 Greg Robinson
33%
1980 Johnny “Lam” Jones
33%
2001 Leonard Davis
33%
2015 Marcus Mariota
33%
1994 Marshall Faulk
33%
1979 Mike Bell
33%
2017 Mitchell Trubisky
33%
2010 Ndamukong Suh
33%
2019 Nick Bosa
33%
2012 Robert Griffin III
33%
2018 Saquon Barkley
33%
1977 Tony Dorsett
33%
2025 Travis Hunter
33%
2011 Von Miller
33%
1971 Archie Manning
17%
1985 Bill Fralic
17%
1990 Blair Thomas
17%
2003 Charles Rogers
17%
2008 Chris Long
17%
1987 Cornelius Bennett
17%
1999 Donovan McNabb
17%
1991 Eric Turner
17%
2002 Julius Peppers
17%
2000 LaVar Arrington
17%
2013 Luke Joeckel
17%
1992 Quentin Coryatt
17%
1975 Randy White
17%
1986 Tony Casillas
17%
1989 Tony Mandarich
17%
2021 Zach Wilson
17%
1978 Art Still
0%
1984 Dean Steinkuhler
0%
1969 George Kunz
0%
1982 Johnie Cooks
0%
1996 Kevin Hardy
0%
1970 Mike McCoy
0%
1972 Mike Reid
0%
1993 Rick Mirer
0%
2004 Robert Gallery
0%
1976 Steve Niehaus
0%
1966 Tom Mack
0%
1995 Tony Boselli
0%
No matching quizzes found
Score Distribution
Percent of People with Each Score
Percentile by Number Answered
Your Score History
You have not taken this quiz